000 00821cam a2200253 a 4500
001 29195
003 BD-RjUL
005 20211209051401.0
008 160720s1981 ii 000 0 eng
035 _a(BD-RjUL)29280
040 _aDLC
_cDLC
_dDLC
_beng
041 _aeng
082 0 0 _a320.532
_219
_bRON 1981
100 1 _aRoy, M. N.
_q(Manabendra Nath),
_d1887-1954.
_95319
245 1 0 _aNew humanism :
_ba manifesto /
_cby M.N. Roy.
260 _aDelhi :
_bAjanta Publications :
_bdistributors, Ajanta Books International,
_c1981.
300 _a111 p. ;
_c23 cm.
500 _aReprint. Originally published: Calcutta : Renaissance Publishers, 1953.
650 0 _aDemocracy.
_989126
650 0 _aSocialism.
_989127
650 0 _aHumanism
_xHistory
_y20th century.
_989128
942 _2ddc
_cBK
999 _c29195
_d29195